000 00647nam a2200253Ia 4500
003 OSt
005 20221005062451.0
006 a|||||r|||| 00| 0
007 ta
008 221004b |||||||| |||| 00| 0 eng d
020 _a0761952470
024 _a33671
037 _cTextual
040 _aCRL
_cCRL
_beng
041 _2eng
_aeng
082 _aY:1, N9
100 _aTudor Andrew
_9281208
245 0 _aDecoding culture theory and method in cultural studies
260 _aLondon
_bSage
_c1999
300 _a208p.
_ccm.
650 _aSOCIOLOGY
942 _hY:1, N9
_cTEXL
_2cc
999 _c969768
_d969768